| 000 | 00589nam a2200217Ia 4500 | ||
|---|---|---|---|
| 003 | OSt | ||
| 005 | 20230607150959.0 | ||
| 008 | 210423s2012 xx 000 0 und d | ||
| 020 | _a9789381302309 | ||
| 040 | _cAL | ||
| 041 | _aeng | ||
| 082 | _a303.625 JHAI | ||
| 100 |
_aJHA (Kameshwar);SWAIN (Sumant). _9121684 |
||
| 245 | _aInternational encyclopaedia of terrorist attack.V2. | ||
| 260 |
_aNew Delhi _bAxis Books Pvt Ltd _c2012 |
||
| 300 |
_a287 _bPB |
||
| 365 |
_b1795 _cINR |
||
| 440 | _v2 | ||
| 906 | _aattack. ; encyclopaedia ; International ; terrorist | ||
| 942 |
_2ddc _cBK |
||
| 999 |
_c176236 _d176236 |
||